Club de foot jouant en jaune - Mort subite - Statistiques

Statistiques générales
  • Ce quiz a été pris 318 fois
  • Le résultat moyen est 11 sur 20
Answers on the Grid
Answers color-coded by a green-red scale on the quiz's grid according to % correct below.
Nantes
Udinese
RB Leipzig
Las Palmas
Cadiz
Sturm Graz
Norwich
RC Lens
Hambourg
Villarreal
Sochaux
Pau
Dortmund
Chievo
Deportivo Alavès
Watford
Young Boys
Brondby
Parme
Al Ahly
Al Ittihad
Groninguen
Barcelona SC
Colombus crew
Nashville
Cardiff
Tours
Westerlo
Cercle Bruges
Union Saint-Gilloise
Spartak Moscou
Dynamo Kiev
 
Statistiques - réponses
Réponse % Correct
Nantes
99%
Dortmund
84%
RC Lens
80%
Villarreal
80%
Las Palmas
73%
Sochaux
70%
Young Boys
69%
Watford
62%
Al Ittihad
61%
Cadiz
57%
Norwich
57%
Union Saint-Gilloise
55%
Pau
51%
Chievo
36%
Brondby
35%
Nashville
32%
Parme
31%
Barcelona SC
23%
Colombus crew
23%
Westerlo
22%
Aucun quiz correspondant
Distribution des résultats
% des personnes avec chaque résultat
Percentile par nombre de réponses
Votre historique - résultats
Vous n’avez pas pris ce quiz